[Event "BCF-chT3N 1617 (4NCL)"]
[Site "England"]
[Date "2017.04.29"]
[Round "9.14"]
[White "Timson, Paul F"]
[Black "Jayawarna, Nugith"]
[Result "1/2-1/2"]
[WhiteElo "2065"]
[BlackElo "2155"]
[PlyCount "68"]
[EventDate "2016.11.26"]
[EventType "team-swiss"]
[EventRounds "11"]
[EventCountry "ENG"]
[SourceTitle "EXT 2019"]
[Source "ChessBase"]
[SourceDate "2018.10.10"]
[SourceVersion "1"]
[SourceVersionDate "2018.10.10"]
[SourceQuality "1"]
[WhiteTeam "Manchester Manticores II"]
[BlackTeam "Manchester Manticores"]
[WhiteTeamCountry "ENG"]
[BlackTeamCountry "ENG"]

1. d4 Nf6 2. c4 g6 3. Nc3 Bg7 4. e4 d6 5. Be2 0-0 6. Bg5 Na6 7. f4 c6 8. Nf3 Nc7 9. e5 Nh5 10. Qd2 Ne6 11. g4 f6 12. gxh5 fxg5 13. hxg6 hxg6 14. fxg5 Nf4 15. 0-0-0 Nxe2+ 16. Qxe2 Bg4 17. Rdf1 dxe5 18. dxe5 Rf4 19. Qe3 Rxf3 20. Rxf3 Bxf3 21. Qxf3 Bxe5 22. Qe4 Bxc3 23. bxc3 Qd6 24. Rd1 Qa3+ 25. Kb1 Qxc3 26. Qxg6+ Qg7 27. Qxg7+ Kxg7 28. Rd7 Rh8 29. Rxe7+ Kg6 30. Rxb7 Rxh2 31. Rxa7 Rh4 32. Rc7 Rxc4 33. a4 Rxa4 34. Rxc6+ Kxg5 1/2-1/2

[Event "BCF-chT3N 1617 (4NCL)"]
[Site "England"]
[Date "2017.02.11"]
[Round "5.83"]
[White "Turner, John M"]
[Black "Timson, Paul F"]
[Result "1/2-1/2"]
[WhiteElo "2019"]
[BlackElo "2065"]
[PlyCount "74"]
[EventDate "2016.11.26"]
[EventType "team-swiss"]
[EventRounds "11"]
[EventCountry "ENG"]
[SourceTitle "EXT 2019"]
[Source "ChessBase"]
[SourceDate "2018.10.10"]
[SourceVersion "1"]
[SourceVersionDate "2018.10.10"]
[SourceQuality "1"]
[WhiteTeam "Holmes Chapel"]
[BlackTeam "Manchester Manticores II"]
[WhiteTeamCountry "ENG"]
[BlackTeamCountry "ENG"]

1. e4 c5 2. Nc3 Nc6 3. Bb5 Nd4 4. Bc4 g6 5. Nf3 Bg7 6. Nxd4 cxd4 7. Qf3 e6 8. Nb5 d6 9. Qa3 Be5 10. 0-0 Ne7 11. f4 a6 12. fxe5 axb5 13. Bxb5+ Bd7 14. Bxd7+ Kxd7 15. Qxd6+ Ke8 16. Qxd8+ Rxd8 17. d3 Nc6 18. a3 Ra8 19. Bf4 h5 20. h3 h4 21. Bg5 Rh5 22. Bf6 Nxe5 23. Rf4 Rc8 24. Bxe5 Rxe5 25. Rc1 g5 26. Rf2 f5 27. exf5 exf5 28. Kf1 Ke7 29. Re2 Rxe2 30. Kxe2 Kf6 31. c3 g4 32. hxg4 fxg4 33. Rf1+ Kg5 34. Rf7 dxc3 35. bxc3 Rxc3 36. Rxb7 Rc2+ 37. Kf1 Rc1+ 1/2-1/2

[Event "BCF-chT3N 1415 (4NCL)"]
[Site "England"]
[Date "2015.01.11"]
[Round "4.194"]
[White "Acey, Gerald"]
[Black "Timson, Paul F"]
[Result "0-1"]
[WhiteElo "2092"]
[BlackElo "2129"]
[PlyCount "124"]
[EventDate "2014.11.15"]
[EventType "team-swiss"]
[EventRounds "6"]
[EventCountry "ENG"]
[SourceTitle "EXT 2016"]
[Source "ChessBase"]
[SourceDate "2015.10.08"]
[SourceVersion "1"]
[SourceVersionDate "2015.10.08"]
[SourceQuality "1"]
[WhiteTeam "Cheddleton II"]
[BlackTeam "Manchester Manticores"]
[WhiteTeamCountry "ENG"]
[BlackTeamCountry "ENG"]

1. d4 Nf6 2. Bg5 g6 3. Bxf6 exf6 4. Nf3 Bg7 5. e3 f5 6. Bd3 c5 7. c3 Nc6 8. 0-0 0-0 9. Nbd2 f4 10. d5 fxe3 11. fxe3 Ne5 12. Nxe5 Bxe5 13. Nc4 Bg7 14. Qf3 f5 15. a4 d6 16. Qg3 Re8 17. Rae1 Be5 18. Nxe5 dxe5 19. Rd1 Kh8 20. d6 Bd7 21. Bc4 Qf6 22. Qf3 Bxa4 23. Qxb7 Bxd1 24. Rxd1 Rab8 25. Qxa7 Rxb2 26. Qxc5 Qh4 27. Qd5 Qf2+ 28. Kh1 Kg7 29. d7 Rd8 30. Qxe5+ Kh6 31. Qf4+ Qxf4 32. exf4 Rxd7 33. Rf1 Rc7 34. Bd5 Rxc3 35. Kg1 Rd3 36. Bc6 Rdb3 37. Bd5 Rb4 38. Bc6 Rd2 39. Ba8 Rdd4 40. g3 Rd2 41. Rf2 Rb1+ 42. Kg2 Rxf2+ 43. Kxf2 Rb2+ 44. Kg1 Kg7 45. Bd5 h6 46. h4 Kf6 47. Bc6 Ke7 48. Bd5 Kf6 49. Bc6 g5 50. hxg5+ hxg5 51. fxg5+ Kxg5 52. Bf3 Kf6 53. Bc6 Ke5 54. Ba8 Kd4 55. Bc6 Ke3 56. Bd5 Rd2 57. Bc6 Rd4 58. Kg2 Rg4 59. Bd7 Rg5 60. Kh3 Kf3 61. Kh4 Rg4+ 62. Kh5 Ke4 0-1

[Event "BCF-chT3N 1415 (4NCL)"]
[Site "England"]
[Date "2014.11.16"]
[Round "2.76"]
[White "Timson, Paul F"]
[Black "Lang, Adam R"]
[Result "1/2-1/2"]
[WhiteElo "2129"]
[BlackElo "2138"]
[PlyCount "36"]
[EventDate "2014.11.15"]
[EventType "team-swiss"]
[EventRounds "6"]
[EventCountry "ENG"]
[SourceTitle "CBM 163 Extra"]
[Source "ChessBase"]
[SourceDate "2014.12.23"]
[SourceVersion "1"]
[SourceVersionDate "2014.12.23"]
[SourceQuality "1"]
[WhiteTeam "Manchester Manticores"]
[BlackTeam "Bradford DCA Knights"]
[WhiteTeamCountry "ENG"]
[BlackTeamCountry "ENG"]

1. d4 Nf6 2. c4 g6 3. Nc3 d5 4. Nf3 Bg7 5. Bg5 c6 6. e3 0-0 7. Qb3 dxc4 8. Bxc4 b5 9. Be2 Be6 10. Qc2 Nbd7 11. 0-0 Qa5 12. a3 Rac8 13. b4 Qb6 14. e4 h6 15. Be3 Ng4 16. Bd2 Ngf6 17. Be3 Ng4 18. Bd2 Ngf6 1/2-1/2

[Event "BCF-ch Seniors"]
[Site "Aberystwyth"]
[Date "2014.07.27"]
[Round "2"]
[White "De Coverly, Roger D"]
[Black "Timson, Paul F"]
[Result "0-1"]
[WhiteElo "2024"]
[BlackElo "2123"]
[PlyCount "68"]
[EventDate "2014.07.26"]
[EventType "swiss"]
[EventRounds "7"]
[EventCountry "WLS"]
[SourceTitle "EXT 2017"]
[Source "ChessBase"]
[SourceDate "2016.10.25"]
[SourceVersion "1"]
[SourceVersionDate "2016.10.25"]
[SourceQuality "1"]

1. e4 c5 2. Nf3 Nc6 3. d4 cxd4 4. Nxd4 e5 5. Nb5 d6 6. N5c3 Be7 7. Bb5 a6 8. Ba4 Nf6 9. 0-0 0-0 10. Bg5 Nxe4 11. Nxe4 Bxg5 12. Qxd6 Be7 13. Qxd8 Rxd8 14. Nbc3 Be6 15. Bxc6 bxc6 16. Rfd1 f5 17. Ng3 Kf7 18. Rxd8 Rxd8 19. Rd1 Rxd1+ 20. Nxd1 g6 21. b3 e4 22. Nc3 Bb4 23. Na4 Kf6 24. c3 Bd6 25. Kf1 Ke5 26. Ke2 f4 27. Nf1 g5 28. Nd2 g4 29. g3 Kf5 30. gxf4 Kxf4 31. Nb6 Bc5 32. Nbc4 h5 33. Na5 Bxf2 34. Nxe4 Bb6 0-1

[Event "BCF-chT3N 1314 (4NCL)"]
[Site "England"]
[Date "2013.11.17"]
[Round "2.56"]
[White "Timson, Paul F"]
[Black "Ivell, Nicholas W"]
[Result "1/2-1/2"]
[WhiteElo "2130"]
[BlackElo "2288"]
[PlyCount "67"]
[EventDate "2013.11.16"]
[EventType "team-swiss"]
[EventRounds "6"]
[EventCountry "ENG"]
[SourceTitle "CBM 157 Extra"]
[Source "ChessBase"]
[SourceDate "2013.12.19"]
[SourceVersion "1"]
[SourceVersionDate "2013.12.19"]
[SourceQuality "1"]
[WhiteTeam "Manchester Manticores"]
[BlackTeam "Spirit of Atticus"]
[WhiteTeamCountry "ENG"]
[BlackTeamCountry "ENG"]

1. d4 d5 2. c4 e6 3. Nc3 c5 4. cxd5 exd5 5. Nf3 Nc6 6. g3 Nf6 7. Bg2 Be7 8. 0-0 0-0 9. dxc5 Bxc5 10. Bg5 d4 11. Bxf6 Qxf6 12. Ne4 Qe7 13. Nxc5 Qxc5 14. Qd2 Bg4 15. Rac1 Qb6 16. Rfd1 Rad8 17. h3 Bh5 18. g4 Bg6 19. Nh4 Rfe8 20. Nxg6 hxg6 21. Rc4 Qa6 22. Bxc6 bxc6 23. Rxd4 Rxd4 24. Qxd4 Qxe2 25. Kg2 c5 26. Qd7 g5 27. Rd2 Qe4+ 28. Kg1 g6 29. a3 Kg7 30. Qd3 Qe1+ 31. Kg2 Kg8 32. Rd1 Qe5 33. Rd2 Qe1 34. Rd1 1/2-1/2

[Event "BCF-ch Senior"]
[Site "Torquay"]
[Date "2013.08.06"]
[Round "4.57"]
[White "Timson, Paul F"]
[Black "Habershon, Paul F"]
[Result "1/2-1/2"]
[WhiteElo "2108"]
[BlackElo "2092"]
[PlyCount "43"]
[EventDate "2013.08.03"]
[EventType "swiss"]
[EventRounds "7"]
[EventCountry "ENG"]
[SourceTitle "EXT 2023"]
[Source "ChessBase"]
[SourceDate "2022.10.05"]
[SourceVersion "1"]
[SourceVersionDate "2022.10.05"]
[SourceQuality "1"]

1. d4 Nf6 2. c4 e6 3. Nc3 c5 4. d5 exd5 5. cxd5 d6 6. e4 g6 7. Be2 Bg7 8. Nf3 0-0 9. 0-0 Na6 10. Nd2 Nc7 11. a4 b6 12. Nc4 Ba6 13. Bg5 Bxc4 14. Bxc4 a6 15. f3 Qd7 16. Qd3 Rfe8 17. Ra3 Nh5 18. Rb3 Reb8 19. g4 Bd4+ 20. Kh1 Ng7 21. Ra1 Nge8 22. Kg2 1/2-1/2

[Event "BCF-ch Senior"]
[Site "North Shields"]
[Date "2012.07.30"]
[Round "3.5"]
[White "Timson, Paul F"]
[Black "Kendall, Paul SN"]
[Result "1/2-1/2"]
[WhiteElo "2108"]
[BlackElo "2039"]
[PlyCount "62"]
[EventDate "2012.07.28"]
[EventType "swiss"]
[EventRounds "7"]
[EventCountry "ENG"]
[SourceTitle "EXT 2023"]
[Source "ChessBase"]
[SourceDate "2022.10.05"]
[SourceVersion "1"]
[SourceVersionDate "2022.10.05"]
[SourceQuality "1"]

1. d4 Nf6 2. c4 e6 3. Nc3 Bb4 4. e3 0-0 5. Nge2 b6 6. a3 Be7 7. e4 d6 8. Ng3 Bb7 9. Bd3 c5 10. d5 Nbd7 11. 0-0 a6 12. dxe6 fxe6 13. f4 Qc8 14. Qe2 Qc6 15. Rf2 Qc7 16. Bd2 Rae8 17. Re1 e5 18. f5 Nb8 19. Nd5 Qd8 20. Nh5 Nc6 21. Nhxf6+ Bxf6 22. Qh5 Nd4 23. Re3 Bh4 24. Rh3 Bxf2+ 25. Kxf2 Bxd5 26. Bg5 Qd7 27. Qxh7+ Kf7 28. Qg6+ Kg8 29. Qh7+ Kf7 30. exd5 e4 31. Qg6+ Kg8 1/2-1/2